|
|
|
|
| LEADER |
00000cam a2200000Mi 4500 |
| 001 |
OR_on1203954293 |
| 003 |
OCoLC |
| 005 |
20231017213018.0 |
| 006 |
m o d |
| 007 |
cr ||||||||||| |
| 008 |
200720s2020 enk fo 000 0 eng d |
| 040 |
|
|
|a UKAHL
|b eng
|e rda
|c UKAHL
|d N$T
|d OCLCO
|d OCLCF
|d UKAHL
|d OCLCQ
|d OCLCO
|
| 020 |
|
|
|a 1787782328
|
| 020 |
|
|
|a 9781787782341
|q (electronic bk.)
|
| 020 |
|
|
|a 1787782344
|q (electronic bk.)
|
| 020 |
|
|
|a 9781787782327
|z 9781787782310 (pbk.)
|q (e-book)
|
| 020 |
|
|
|z 9781787782334 (ePub ebook)
|
| 035 |
|
|
|a (OCoLC)1203954293
|
| 050 |
|
4 |
|a HD69.P75
|
| 082 |
0 |
4 |
|a 658.404
|2 23
|
| 049 |
|
|
|a UAMI
|
| 100 |
1 |
|
|a Bentley, Colin,
|e author.
|
| 245 |
1 |
0 |
|a Adaptable project management
|b a combination of Agile and project management for all (PM4A) /
|c Colin Bentley.
|
| 264 |
|
1 |
|a Ely :
|b ITGP,
|c 2020.
|
| 300 |
|
|
|a 1 online resource
|
| 590 |
|
|
|a eBooks on EBSCOhost
|b EBSCO eBook Subscription Academic Collection - Worldwide
|
| 590 |
|
|
|a O'Reilly
|b O'Reilly Online Learning: Academic/Public Library Edition
|
| 650 |
|
0 |
|a Project management
|x Methodology.
|
| 650 |
|
7 |
|a Project management
|x Methodology
|2 fast
|
| 856 |
4 |
0 |
|u https://learning.oreilly.com/library/view/~/9781787782334/?ar
|z Texto completo (Requiere registro previo con correo institucional)
|
| 938 |
|
|
|a Askews and Holts Library Services
|b ASKH
|n AH37529437
|
| 938 |
|
|
|a Askews and Holts Library Services
|b ASKH
|n AH37529722
|
| 938 |
|
|
|a EBSCOhost
|b EBSC
|n 2527681
|
| 994 |
|
|
|a 92
|b IZTAP
|